000 00503nam a22001697a 4500
999 _c9116
_d9116
008 210323b ||||| |||| 00| 0 eng d
040 _aBMS College of Architecture
100 _aIyengar, Rohini
245 _aResort in Jog falls
300 _aNA
500 _a1BM06AT049
502 _8B.Arch
_NBMS College of Architecture, Visvesvaraya Technological University
_aProject report
_d2011
650 _aResort
700 _aSindhu Srikanth
_eGuide
700 _aK R Madhu Chand
_eGuide
942 _2ddc
_cTHE